All Rauw Alejandro Songs - Statistics

General Stats
  • This quiz has been taken 275 times
  • The average score is 53 of 221
Answer Stats
Album Answer % Correct
RR Beso
80%
Trap Cake, Vol. 2 MUSEO
78%
SATURNO PUNTO 40
74%
Vice Versa Todo de Ti
74%
Playa Saturno DILUVIO
72%
Afrodisíaco Dile a El
71%
SATURNO SATURNO
70%
Vice Versa 2/Catorce
69%
Vice Versa Aquel Nap ZzZz
68%
Vice Versa Desenfocao'
68%
SATURNO LOKERA
67%
Vice Versa Cosa Guapa
66%
RR VAMPIROS
66%
Vice Versa Desesperados
65%
Vice Versa Sexo Virtual
64%
Playa Saturno BABY HELLO
63%
Vice Versa Cúrame
63%
Vice Versa La Old Skul
61%
Afrodisíaco Reloj
61%
SATURNO DE CAROLINA
60%
SATURNO PANTIES Y BRASIERES
60%
Afrodisíaco Algo Mágico
59%
SATURNO QUE RICO CHINGAMOS
59%
Afrodisíaco Tattoo
59%
SATURNO DIME QUIÉN????
58%
Vice Versa Nubes
57%
SATURNO VERDE MENTA
57%
SATURNO DEJAU'
56%
SATURNO LEJOS DEL CIELO
56%
Feature Playa
56%
SATURNO RON COLA
56%
SATURNO CORAZÓN DESPEINADO
55%
SATURNO GATAS
55%
Feature Party
53%
Afrodisíaco Pensándote
53%
Afrodisíaco Strawberry Kiwi
53%
Playa Saturno AL CALLAO'
52%
Playa Saturno CUANDO BAJE EL SOL
52%
Playa Saturno HOY AQUÍ
52%
SATURNO NO ME SUELTES
52%
RR PROMESA
51%
Vice Versa Brazilera
50%
Afrodisíaco Ponte Pa' Mi
50%
Playa Saturno CUKI
49%
Playa Saturno PONTE NASTY
49%
Playa Saturno CELEBRANDO
48%
SATURNO MÁS DE UNA VEZ
48%
Trap Cake, Vol. 1 Al Mismo Tiempo
47%
Playa Saturno PICARDÍA
47%
Afrodisíaco Enchule
46%
SATURNO CAZADORES
45%
Playa Saturno SI TE PEGAS
44%
Afrodisíaco Elegí
43%
Afrodisíaco Perreo Pesau'
42%
Afrodisíaco Química
42%
Afrodisíaco Mood
41%
Vice Versa Tengo un Pal
41%
Playa Saturno INQUIETO
40%
Single Fantasias
39%
Playa Saturno NO ME SORPRENDE
39%
Single Tiroteo
39%
Playa Saturno NO ME LA MOLESTE
38%
Feature Problemon
37%
Trap Cake, Vol. 2 RED VELVET
37%
Feature Sci-Fi
37%
Single El Efecto
36%
Single Toda
36%
Afrodisíaco De Cora <3
34%
Playa Saturno PLAYA SATURNO INTRO
34%
Trap Cake, Vol. 2 CAPRICHOSO
33%
Trap Cake, Vol. 2 GTR
33%
Single Nostalgico
33%
Afrodisíaco Soy Una Gargola
33%
Single Te Felicito
33%
Vice Versa ¿Y Eso?
33%
SATURNO RAULEETO
32%
Trap Cake, Vol. 2 GRACIAS POR NADA
31%
Afrodisíaco No Te Creo
31%
Trap Cake, Vol. 1 Encima De Mi
30%
Trap Cake, Vol. 2 HACKIAO
29%
Feature La Nota
29%
Trap Cake, Vol. 2 WUEPA
29%
Afrodisíaco Un Sueño
28%
Single | Trap Cake, Vol. 1 Cubierto de Ti
27%
Single Detective
27%
Trap Cake, Vol. 2 NO DRAMA
27%
Single Hayami Hana
26%
Vice Versa ¿Cuándo Fue?
24%
Trap Cake, Vol. 1 Cuento de Hadas
24%
Trap Cake, Vol. 1 Espuma
24%
Trap Cake, Vol. 2 FCK U X2
24%
Feature Mirame
24%
Feature VOLVER
24%
Single Hunter
22%
Single Dream Girl
21%
Trap Cake, Vol. 1 Na' de Ti
20%
Single No Fue
20%
Single TAMO EN NOTA
20%
SATURNO DECA' A LAS VEGAS (INTERLUDE)
19%
Trap Cake, Vol. 1 Hasta Donde
19%
Single Infiel
19%
Feature Nada
19%
Feature UNA MAS
18%
Single La Curiosidad
17%
Single T.T.I.
17%
Feature Besalo
16%
Feature Me Fije
16%
Feature Zorra
16%
Feature En Tu Cuerpo
15%
Single La Oportunidad
15%
Single Loquita
15%
Feature TBT
15%
Single Aloha
14%
Single Loco Por Perrearte
13%
Single Que Somos
13%
Single Yo Sabia
13%
Feature Baila Conmigo
12%
Single Cuerpo en Venta
12%
Feature AGUA
11%
Punto de Equilibrio Donde
11%
Feature En Mi Habitacion
11%
Single Hola
11%
Feature 4 besos
10%
Single Estadia
10%
Feature Ojitos
10%
Feature Poderosa
10%
Feature Sabe
10%
Feature Suelta
10%
Feature Toda La Noche
10%
Single Suave
9%
Vice Versa Track 4
9%
Feature Vacio
9%
Feature Vapor
9%
Single Cambia el Paso
8%
Single Cositas
8%
Single Brinquen
7%
Single Como Nunca
7%
Feature Luz Apaga
7%
Single Mi Llamada
7%
Punto de Equilibrio No Me Siento Igual
7%
Single Solo
7%
Single Te Pue' Cuidar
7%
Feature Tu No Eras Asi
7%
Feature Dembow 2020
6%
Single Dias Asi
6%
Feature La Cama
6%
Punto de Equilibrio No Hay Nadie Mas
6%
Feature Ontas
6%
Single Un Minuto
6%
Single Videos
6%
Single Contando Lunares
5%
Feature Date Tu Guille
5%
Punto de Equilibrio Dentro de Ti
5%
Single Don't Rush
5%
Punto de Equilibrio Entregate a Mi
5%
Single Extranandote
5%
Punto de Equilibrio Nunca Me Olvidaras
5%
Feature Odiame o Quiereme
5%
Punto de Equilibrio Se Siente Bien
5%
Single Se Tu
5%
Punto de Equilibrio Tu Eres Lo Que Quiero
5%
Punto de Equilibrio Tu Voz
5%
Feature Abusadora
4%
Single Anoche
4%
Single Borrarte
4%
Single Cobrale
4%
Single Comodo
4%
Single Dale
4%
Single Desnuda
4%
Single Es Que Tu
4%
Single Fumeteo
4%
Single Heroe
4%
Single Hoy Se Bebe
4%
Single La Mas Linda
4%
Single Lento
4%
Feature Lluvia
4%
Punto de Equilibrio Si Me Permites
4%
Single Tomalo
4%
Single Tu Juego
4%
Single Anda Deja
3%
Single Aroma
3%
Single Dimelo en la Cara
3%
Single Estamos Mal
3%
Feature La Mentira
3%
Feature Maquina del Tiempo
3%
Single Menos Timidez
3%
Single Mis Dias Sin Ti
3%
Single No Me Ignores
3%
Single Olvidemos
3%
Single Pa Serio
3%
Single Superalo
3%
Single Tarde
3%
Feature Tequila Sunrise
3%
Feature Vuelva A Ver
3%
Feature Americana
2%
Single Dice Que No
2%
Single Domingo
2%
Single Egoista
2%
Feature La Busque
2%
Single Lil Bebe
2%
Single Luz Roja
2%
Single Matemonos
2%
Feature Mi Estilo de Vida II
2%
Feature Nena Buena
2%
Single Pa Tu Casa
2%
Feature Quisieras
2%
Single Se Moja
2%
Single Te Hace Falta
2%
Single Bzrp Music Sessions, Vol. 56
1%
Single Combinamos
1%
Single Es Normal
1%
Feature Kush
1%
Single La Pastillita
1%
Feature Matarse Solita
1%
Feature Por Ti
1%
Single Que Bien Te Vas
1%
Single Road Trip
1%
Feature Somebody That You Don't Know
1%
Feature Suave Rico
1%
Single TRAPPERZ A Mafia Da Sicilia
1%
No matching quizzes found
Score Distribution
Percent of People with Each Score
Percentile by Number Answered
Your Score History
You have not taken this quiz